[Event "Toerneo de Navidad 2008"]
[Site "SchemingMind.com"]
[Date "2009.01.19"]
[Round "-"]
[White "marble"]
[Black "dtedesco"]
[Result "1-0"]
[WhiteCountry "ENG"]
[BlackCountry "CAN"]
[WhiteElo "1915"]
[WhiteRD "56"]
[BlackElo "1541"]
[BlackRD "62"]
[GameID "188188"]

1. e4 c5 2. Nf3 g6 3. Bc4 Bg7 4. Nc3 Nc6 5. O-O d6 6. h3 Nf6 7. d3 a6 8. Re1 e6 9. a3 O-O 10. Be3 b6
11. d4 Nxe4 12. Nxe4 d5 13. Bxd5 exd5 14. Ng3 c4 15. c3 f5 16. Bg5 Bf6 17. Bh6 Bg7 18. Bf4 a5 19. Ng5 b5 20. Ne6 Bxe6
21. Rxe6 Qd7 22. Rd6 Qb7 23. Qf3 Ne7 24. Re1 Rae8 25. Bg5 h6 26. Bxe7 Rxe7 27. Rxe7 Qxe7 28. Qxd5+ Kh7 29. Rd7 Qe1+ 30. Nf1 b4
31. Qxc4 Re8 32. Qc7 h5 33. Rxg7+ Kh6 34. Rh7+ Kg5 35. h4+ Kg4 36. Qg3#
1-0

[Event "Toerneo de Navidad 2008"]
[Site "SchemingMind.com"]
[Date "2009.01.19"]
[Round "-"]
[White "Negrito19"]
[Black "dtedesco"]
[Result "1-0"]
[WhiteCountry "ARG"]
[BlackCountry "CAN"]
[WhiteElo "1630"]
[WhiteRD "61"]
[BlackElo "1541"]
[BlackRD "62"]
[GameID "188189"]

1. e4 c5 2. d4 cxd4 3. Qxd4 Nc6 4. Qd1 Nf6 5. Nc3 e6 6. Nf3 Bb4 7. Bd2 O-O 8. e5 Ne8 9. Bd3 d5 10. a3 Be7
11. Qe2 a6 12. h4 b5 13. Ng5 f6 14. Bxh7+ Kh8 15. Qh5 fxg5 16. Bg6+
1-0

[Event "Toerneo de Navidad 2008"]
[Site "SchemingMind.com"]
[Date "2009.01.20"]
[Round "-"]
[White "Milan"]
[Black "dtedesco"]
[Result "1-0"]
[WhiteCountry "CZE"]
[BlackCountry "CAN"]
[WhiteElo "1780"]
[WhiteRD "60"]
[BlackElo "1539"]
[BlackRD "59"]
[GameID "188190"]

1. d4 Nf6 2. Nf3 g6 3. e3 Bg7 4. Be2 d5 5. O-O O-O 6. b4 c6 7. Nbd2 b5 8. c3 Bf5 9. a4 Nbd7 10. axb5 cxb5
11. Bxb5 Qc7 12. Bb2 a6 13. Bxd7 Bxd7 14. Nb3 e6 15. Nc5 Bb5 16. Re1 Bc4 17. Nd2 Rfe8 18. Nxc4 dxc4 19. Rxa6 Rxa6 20. Nxa6 Qb7
21. Nc5 Qd5 22. e4 Qc6 23. Qe2 Qb5 24. Ra1 Nd5 25. exd5 exd5 26. Qf3 Rd8 27. Ra7 f6 28. Rxg7+ Kxg7 29. Ne6+ Kf7 30. Nxd8+ Kg7
31. Ne6+ Kf7 32. Nc5 Qc6 33. Qh3 h5 34. Qd7+ Qxd7 35. Nxd7 Ke7 36. Nb6 Kd6 37. b5 f5 38. Ba3+
1-0

[Event "Toerneo de Navidad 2008"]
[Site "SchemingMind.com"]
[Date "2009.01.19"]
[Round "-"]
[White "aadaam"]
[Black "dtedesco"]
[Result "1/2-1/2"]
[WhiteCountry "INT"]
[BlackCountry "CAN"]
[WhiteElo "1753"]
[WhiteRD "46"]
[BlackElo "1539"]
[BlackRD "59"]
[GameID "188191"]

1. d4 Nf6 2. c4 g6 3. g3 d5 4. cxd5 Qxd5 5. Nf3 Nc6 6. Nc3 Qd8 7. Bg2 Bg7 8. O-O O-O 9. e3 b6 10. Ne5 Bh3
11. Nxc6 Qd7 12. Ne5 Qe6 13. Bd2 Bxg2 14. Kxg2 a6 15. f3 c5 16. f4 h5 17. dxc5 bxc5 18. Qf3 Rab8 19. Na4 Rb5 20. Rfc1 Qd5
21. Qxd5 Nxd5 22. Nd7 Rd8 23. Ndxc5 Bxb2 24. Nxb2 Rxb2 25. Nb3 Nxe3+ 26. Kf3 Nf5 27. h3 a5 28. Rd1 a4 29. Nc5 Rdxd2=
1/2-1/2

[Event "Toerneo de Navidad 2008"]
[Site "SchemingMind.com"]
[Date "2009.01.19"]
[Round "-"]
[White "AycaguerMarcel"]
[Black "dtedesco"]
[Result "1-0"]
[WhiteCountry "URU"]
[BlackCountry "CAN"]
[WhiteElo "1612"]
[WhiteRD "74"]
[BlackElo "1541"]
[BlackRD "62"]
[GameID "188192"]

1. d4 Nf6 2. c4 g6 3. Nc3 Bg7 4. e4 O-O 5. Nf3 b6 6. g3 Bb7 7. d5 e6 8. Bg2 e5 9. O-O d6 10. Bg5 Na6
11. Nd2 c6 12. dxc6 Bxc6 13. Qe2 Qc7= 14. f4 Nc5 15. b4 Ncxe4 16. Ndxe4 Nxe4 17. Nxe4 Bxe4 18. Bxe4 Rae8 19. Rad1 f6 20. Bh4 f5
21. Bd5+ Kh8 22. g4 exf4 23. Qf3 Re3 24. Qxf4 Rfe8 25. gxf5 R3e5 26. f6 Rf5 27. fxg7+ Kxg7 28. Bf6+ Kxf6 29. Qh4+ Kg7 30. Rxf5 gxf5
31. Qg5+ Kh8 32. Kh1 Qg7 33. Qxf5 Rf8 34. Qe6 Qb2 35. Rg1
1-0